000 00844nam a2200205 a 4500
003 0
005 20250602155056.0
008 021122s19uu xx 00 eng d
050 _aPHS TP 1120.C38
_b.Aq68 2002
100 _aAquino, Timothy Jorelle Benson.
245 _aThe Feasibility of using biodegradable packaging material made of Cassava (Manihot esculenta) starch as a thermal insulator /
_cTimothy Jorelle Benson Aquino.
260 _aLas PiƱas City, Philippines :
_bSouthville International School and Colleges,
_c2002.
300 _a57 pages :
_bcolor illustrations ;
_c28 cm.
504 _aIncludes bibliographical references.
650 _aBiodegradable plastics.
650 _aStarch
_xIndustrial applications.
650 _aPackaging
_xEnvironmental aspects.
650 _aCassava
_xIndustrial applications.
942 _2lcc
_cPASS
999 _c96675
_d96675